Métodos cualitativos y cuantitativos en investigación evaluativa /

में बचाया:
ग्रंथसूची विवरण
मुख्य लेखक: Cook, Thomas D.
अन्य लेखक: Reichardt, Charles S.
स्वरूप: अज्ञात
प्रकाशित: Madrid: Ediciones Morata
विषय:
टैग: टैग जोड़ें
कोई टैग नहीं, इस रिकॉर्ड को टैग करने वाले पहले व्यक्ति बनें!

MARC

LEADER 00000 a2200000 04500
001 18563
003
008 991231s d
040
090 |a 143509  
100 |a Cook, Thomas D.  
245 |a Métodos cualitativos y cuantitativos en investigación evaluativa /  |c Thomas D. Cook 
260 |a Madrid:   |b Ediciones Morata  
300 |a 228 p.  
650 |a METODOLOGIA  
650 |a METODOS DE INVESTIGACION  
650 |a INVESTIGACION  
650 |a ANALISIS DE CONTENIDO  
650 |a ANALISIS DE DATOS  
700 |a Reichardt, Charles S.  
999 |c 17630  |d 17630